| 000 | 01109nam a2200289 i 4500 | ||
|---|---|---|---|
| 001 | 105897 | ||
| 003 | ES-MaACL | ||
| 005 | 20230906184013.0 | ||
| 007 | t| | ||
| 008 | 060911s1978 sp ||||1| spa d | ||
| 020 | _a84-339-0760-3 | ||
| 080 | _a323.4(460)"1936/39" | ||
| 080 | _a94(460)"1936/39" | ||
| 100 | 1 |
_aRanzato, Gabriele. _995440 |
|
| 245 | 1 | 0 |
_aLucha de clases y lucha política en la guerra civil española / _cGabriele Ranzato ; [traducción, Joaquín Jordá]. |
| 260 |
_aBarcelona : _bAnagrama, _cD.L. 1978. |
||
| 300 |
_a117 p. ; _c18 cm. |
||
| 490 | 1 |
_aCuadernos Anagrama ; _v160. _aSerie Documentos |
|
| 500 | _aBiblioteca Juan Andrade. | ||
| 505 | 8 | _aContiene: 1. Las colectivizaciones anarquistas en Cataluña y Aragón -- 2. La política agraria de los comunistas | |
| 650 | 1 | 4 |
_aLucha de clases- _zEspaña- _y1936-1939. _914709 |
| 651 | 4 |
_aEspaña- _xHistoria- _y1936-1939, Guerra civil. _98292 |
|
| 700 | 1 |
_aJordá, Joaquín. _966895 |
|
| 830 | 0 |
_aCuadernos Anagrama ; _v160. _aSerie Documentos _9185119 |
|
| 852 |
_aES-MaACL _jAND-915 _bR.110203 |
||
| 999 |
_c105897 _d105897 |
||